| 000 | 00674nam a2200169 i 4500 | ||
|---|---|---|---|
| 001 | 46660 | ||
| 003 | ES-MaACL | ||
| 005 | 20230906161426.0 | ||
| 007 | t| | ||
| 008 | 030331s1885 it |||| | fre d | ||
| 111 | 2 |
_aCongreso Penitenciario Internacional ( _d1885. _cRoma) _9167043 |
|
| 245 | 1 | 0 |
_aAlbum pensées et maximes autographiques sur la reforme penitentiaire recueilles a l'occasion di Congrés de Rome / _cCongrés Penitentiaire International. |
| 260 |
_aRoma : _b[s.n., _c1885] ( _fImp. Forrain et Cie) |
||
| 300 |
_a311 p. ; _c24 cm. |
||
| 650 | 4 |
_aEstablecimientos penitenciarios- _vCongresos y asambleas. _9163123 |
|
| 852 |
_aES-MaACL _jD-98 _z. - Donativo Lastres |
||
| 999 |
_c46660 _d46660 |
||